000 00709nam a2200265Ia 4500
005 20260121170044.0
008 008 260114s9999 xx 000 0 eng d
020 _a9784431558408
037 _aEBOOK
040 _aCRL
040 _beng
040 _cCRL
041 _2eng
041 _aeng
084 _qCRL
100 _aMazahide Terazima, Mikio Kataoka, Ryuichi Ueoka, Yuko Okamoto
_91059264
245 0 _aMolecular Science of Fluctuations Toward Biological Functions
260 _bSpringer
260 _bSpringer
260 _c2016
856 _uhttps://link.springer.com/openurl?genre=book&isbn=978-4-431-55840-8
942 _cEBOOK
999 _c1624993
_d1624993